Infrared Technology : Applications to Electrooptics, Photonic Devices, and Sensors /

Guardado en:
Detalles Bibliográficos
Autor principal: Jha, A.R (autor)
Formato: Libro
Idioma:Inglés
Publicado: Nueva York, EUA : Wiley, 2000, c2000
Colección:(Wiley Series in Microwave and Optical Engineering)
Temas:
Etiquetas: Agrega una etiqueta
Sin etiquetas, Sé el primero en etiquetar este registro!

MARC

LEADER 00000nam^a2200000^a^4500
001 000151495
005 20250521000000.0
009 20260310100211.222
020 |a 0-471-35033-8 
037 |a Acervo ITESO - Biblioteca 
041 |a ING 
082 |a 535. 842  |b JHA 
100 |a Jha, A.R.  |e (autor) 
245 1 0 |a Infrared Technology :  |b Applications to Electrooptics, Photonic Devices, and Sensors /  |c A.R. Jha ; pról. de Shobha Singh. 
264 4 |a Nueva York, EUA :  |b Wiley,  |c 2000, c2000 
300 |a XXIII, 450 p. 
336 |a texto  |b txt  |2 rdacontenido 
337 |a sin mediación  |b n  |2 rdamedio 
338 |a volumen  |b nc  |2 rdasoporte 
440 1 |a (Wiley Series in Microwave and Optical Engineering) 
649 |a XX 
650 |a Espectro Infrarrojo 
650 |a Espectro de la Luz 
650 |a Sensores Opticos 
650 |a Detectores Opticos 
650 |a Optoelectrónica 
650 |a Fotónica 
650 |a Optica -  |x Equipo y Aparatos 
650 |a Física 
650 |a Ingeniería 
910 |a Fondo General 
920 |a Impresos - Libros 
930 |a Colección General 
905 |a 101 
901 |a 0500081051  |b IT1  |c ACC  |u 20250521 
902 |a https://opac.biblio.iteso.mx/vufind/Record/000151495